| 000 | 00515nam a2200181Ia 4500 | ||
|---|---|---|---|
| 003 | OSt | ||
| 005 | 20250814143752.0 | ||
| 008 | 211119s9999||||xx |||||||||||||| ||und|| | ||
| 020 | _a978-81-264-2252-4 | ||
| 040 | _cSBCL | ||
| 082 |
_a894.8123 _bDES-N |
||
| 100 | _aDesai, Kiran | ||
| 245 | 0 | _aNashtangalude Anantharavakasham | |
| 260 |
_bD c Books _a2011 _cKottayam |
||
| 300 | _a416p. | ||
| 650 |
_aLiterature & rhetoric _vLiteratures of other languages _xAltaic, Uralic, Hyperborean & Dravidian |
||
| 942 | _cBOOK | ||
| 999 |
_c116381 _d116381 |
||